<?xml version="1.0" encoding="UTF-8"?>
<record
    xmlns:xsi="http://www.w3.org/2001/XMLSchema-instance"
    xsi:schemaLocation="http://www.loc.gov/MARC21/slim http://www.loc.gov/standards/marcxml/schema/MARC21slim.xsd"
    xmlns="http://www.loc.gov/MARC21/slim">

  <leader>05093nam a22005177u 4500</leader>
  <controlfield tag="001">pwiiw4598</controlfield>
  <controlfield tag="003">OSt</controlfield>
  <controlfield tag="005">20260517120238.0</controlfield>
  <controlfield tag="008">180705t2018    au ||||| |||||||| ||ger d</controlfield>
  <datafield tag="040" ind1=" " ind2=" ">
    <subfield code="c">OSt</subfield>
  </datafield>
  <datafield tag="041" ind1=" " ind2=" ">
    <subfield code="a">ger</subfield>
  </datafield>
  <datafield tag="084" ind1=" " ind2=" ">
    <subfield code="a">H54</subfield>
    <subfield code="a">O18</subfield>
    <subfield code="a">R41</subfield>
    <subfield code="a">R42</subfield>
    <subfield code="a">L92</subfield>
    <subfield code="2">jelc</subfield>
  </datafield>
  <datafield tag="100" ind1="1" ind2=" ">
    <subfield code="a">Heimberger, Philipp</subfield>
  </datafield>
  <datafield tag="245" ind1="1" ind2="0">
    <subfield code="a">Die &#x201E;Europ&#xE4;ische Seidenstra&#xDF;e&#x201C; </subfield>
  </datafield>
  <datafield tag="260" ind1=" " ind2=" ">
    <subfield code="a">Wien :</subfield>
    <subfield code="b">Wiener Institut f&#xFC;r Internationale Wirtschaftsvergleiche (wiiw),</subfield>
    <subfield code="c">2018.</subfield>
  </datafield>
  <datafield tag="300" ind1=" " ind2=" ">
    <subfield code="a">43 S., </subfield>
    <subfield code="b">10 Tables and 17 Figures,</subfield>
    <subfield code="c">30cm.</subfield>
  </datafield>
  <datafield tag="490" ind1="1" ind2=" ">
    <subfield code="a">wiiw Research Reports in German Language</subfield>
    <subfield code="v">11</subfield>
  </datafield>
  <datafield tag="520" ind1=" " ind2=" ">
    <subfield code="a">The English version can be found here.

In dieser Studie argumentieren wir f&#xFC;r einen &#x201E;Big Push&#x201C; bei den Infrastrukturinvestitionen im gr&#xF6;&#xDF;eren Europa. Wir schlagen den Bau einer &#x201E;Europ&#xE4;ischen Seidenstra&#xDF;e&#x201C; vor, welche die industriellen Zentren im Westen mit den bev&#xF6;lkerungsreichen, aber weniger entwickelten Gebieten im Osten des Kontinents verbinden und damit f&#xFC;r mehr Wachstum und Besch&#xE4;ftigung sowohl kurz- als auch mittel- und langfristig sorgen soll.

Im Vollausbau soll die &#x201E;Europ&#xE4;ische Seidenstra&#xDF;e&#x201C; auf dem Landweg rund 11.000 Kilometer auf einer Nordroute von Lissabon bis Uralsk an der russisch-kasachischen Grenze und auf einer S&#xFC;droute von Mailand bis nach Wolgograd und Baku verlaufen. Kernst&#xFC;cke sind im Norden die Strecke von Lyon bis Moskau und im S&#xFC;den von Mailand bis Konstanza. Die S&#xFC;droute w&#xFC;rde Mitteleuropa mit dem Schwarzmeerraum und den Anrainerstaaten des Kaspischen Meeres verbinden.

Eine moderne Autobahn- und Hochgeschwindigkeitszugstrecke mit einer Reihe von Logistikzentren, See-, Fluss- und Flugh&#xE4;fen soll neue europ&#xE4;ische Standards unter anderem in der E-Mobilit&#xE4;t setzen. Der Vollausbau w&#xFC;rde rund 1.000 Milliarden Euro oder rund 8% des Bruttoinlandsproduktes der auf den beiden Routen liegenden L&#xE4;nder ausmachen. Die Kosten relativ zur Wirtschaftsleistung der EU machen rund 7% aus.

&#xDC;ber einen Investitionszeitraum von 10 Jahren k&#xF6;nnte die &#x201E;Europ&#xE4;ische Seidenstra&#xDF;e&#x201C; entlang der Routen nach einer konservativen Sch&#xE4;tzung zu einem Wirtschaftswachstum von durchschnittlich 3,5% und einem Anstieg der Besch&#xE4;ftigung von rund 2 Millionen f&#xFC;hren. Unter g&#xFC;nstigen Umst&#xE4;nden und bei weiterhin anhaltenden niedrigen Zinsen kann mit einem Besch&#xE4;ftigungseffekt von &#xFC;ber 7 Millionen im gr&#xF6;&#xDF;eren Europa gerechnet werden.

Alleine auf der Nordroute in den russischen Zentralraum k&#xF6;nnte die verbesserte Infrastruktur der Kernstrecke bedeutende Zeitersparnisse von &#xFC;ber 8% im Stra&#xDF;entransport bringen. Das w&#xE4;re im Schnitt und beispielsweise auch ab Wien eine Ersparnis von rund 2,5 Stunden. Damit k&#xF6;nnten die L&#xE4;nder entlang der Nordroute ihre Exporte nach Russland um &#xFC;ber 11% steigern. Dies w&#xFC;rde zus&#xE4;tzliche Exporte von &#xFC;ber 12,5 Milliarden Euro bedeuten.

Die &#xF6;sterreichische Exportwirtschaft w&#xFC;rde ganz besonders von diesen Infrastrukturma&#xDF;nahmen profitieren. &#xD6;sterreichs Russland-Exporte w&#xFC;rden um &#xFC;ber 14% ansteigen. Das sind rund 330&#xA0;Millionen Euro. Die Bauma&#xDF;nahmen bringen &#xD6;sterreich 34.000 Arbeitspl&#xE4;tze. Unter g&#xFC;nstigen Umst&#xE4;nden k&#xF6;nnten bis zu 121.000 neue Jobs in &#xD6;sterreich geschaffen werden.

&#xA0;

English Summary

A &#x2018;European Silk Road&#x2019;

The study concludes that Europe should respond to China&#x2019;s New Silk Road initiative with a coherent infrastructure network and transport strategy of its own to leverage its economic potential. It should not rely on China&#x2019;s Belt and Road Initiative (BRI) to achieve this, but invest itself to ensure that it suits European priorities. Nevertheless, a &#x2018;European Silk Road&#x2019; can be seen as complementary to China&#x2019;s efforts. The study finds that the development of a European Silk Road could create 2-7 million new jobs and could increase GDP on average by 3.5% in Wider Europe over a ten-year period. Eastern Europe in particular needs an upgrading of its transport infrastructure. If this is achieved, the boost to incomes and living standards would be particularly significant in that part of the continent, as a &#x2018;big push&#x2019; in transport infrastructure investment has the potential to industrialise broad sectors of the economy.

https://european-silk-road.eu/
</subfield>
  </datafield>
  <datafield tag="650" ind1=" " ind2=" ">
    <subfield code="a">Infrastruktur</subfield>
  </datafield>
  <datafield tag="650" ind1=" " ind2=" ">
    <subfield code="a">Transport</subfield>
  </datafield>
  <datafield tag="650" ind1=" " ind2=" ">
    <subfield code="a">Europa</subfield>
  </datafield>
  <datafield tag="650" ind1=" " ind2=" ">
    <subfield code="a">China</subfield>
  </datafield>
  <datafield tag="650" ind1=" " ind2=" ">
    <subfield code="a">Seidenstra&#xDF;e</subfield>
  </datafield>
  <datafield tag="650" ind1=" " ind2=" ">
    <subfield code="a">Wachstum</subfield>
  </datafield>
  <datafield tag="650" ind1=" " ind2=" ">
    <subfield code="a">europ&#xE4;ische seidenstrasse</subfield>
  </datafield>
  <datafield tag="650" ind1=" " ind2=" ">
    <subfield code="a">Industrialisierung</subfield>
  </datafield>
  <datafield tag="650" ind1=" " ind2=" ">
    <subfield code="a">Internationaler Handel</subfield>
  </datafield>
  <datafield tag="650" ind1=" " ind2=" ">
    <subfield code="a">infrastructure</subfield>
  </datafield>
  <datafield tag="650" ind1=" " ind2=" ">
    <subfield code="a">transport</subfield>
  </datafield>
  <datafield tag="650" ind1=" " ind2=" ">
    <subfield code="a">Europe</subfield>
  </datafield>
  <datafield tag="650" ind1=" " ind2=" ">
    <subfield code="a">China</subfield>
  </datafield>
  <datafield tag="650" ind1=" " ind2=" ">
    <subfield code="a">Silk Road</subfield>
  </datafield>
  <datafield tag="650" ind1=" " ind2=" ">
    <subfield code="a">growth</subfield>
  </datafield>
  <datafield tag="650" ind1=" " ind2=" ">
    <subfield code="a">industrialisation</subfield>
  </datafield>
  <datafield tag="650" ind1=" " ind2=" ">
    <subfield code="a">international trade</subfield>
  </datafield>
  <datafield tag="651" ind1=" " ind2=" ">
    <subfield code="a">Asia</subfield>
  </datafield>
  <datafield tag="651" ind1=" " ind2=" ">
    <subfield code="a">Wider Europe</subfield>
  </datafield>
  <datafield tag="690" ind1=" " ind2=" ">
    <subfield code="a">Macroeconomic Analysis and Policy</subfield>
  </datafield>
  <datafield tag="690" ind1=" " ind2=" ">
    <subfield code="a">International Trade, Competitiveness and FDI</subfield>
  </datafield>
  <datafield tag="690" ind1=" " ind2=" ">
    <subfield code="a">Sectoral studies</subfield>
  </datafield>
  <datafield tag="700" ind1="1" ind2=" ">
    <subfield code="a">Holzner, Mario</subfield>
  </datafield>
  <datafield tag="700" ind1="1" ind2=" ">
    <subfield code="a">Kochnev, Artem</subfield>
  </datafield>
  <datafield tag="830" ind1=" " ind2="0">
    <subfield code="v">11</subfield>
    <subfield code="w">WIIW0000108</subfield>
    <subfield code="t">wiiw Research Reports in German Language</subfield>
  </datafield>
  <datafield tag="856" ind1="4" ind2="0">
    <subfield code="u">https://wiiw.ac.at/p-4598.html</subfield>
  </datafield>
  <datafield tag="942" ind1=" " ind2=" ">
    <subfield code="c">P</subfield>
  </datafield>
  <datafield tag="999" ind1=" " ind2=" ">
    <subfield code="c">8576</subfield>
    <subfield code="d">8576</subfield>
  </datafield>
  <datafield tag="952" ind1=" " ind2=" ">
    <subfield code="0">0</subfield>
    <subfield code="1">0</subfield>
    <subfield code="4">0</subfield>
    <subfield code="7">0</subfield>
    <subfield code="a">BIB</subfield>
    <subfield code="b">BIB</subfield>
    <subfield code="c">1</subfield>
    <subfield code="d">2018-07-05</subfield>
    <subfield code="i">pwiiw4598</subfield>
    <subfield code="l">0</subfield>
    <subfield code="p">1000010004598</subfield>
    <subfield code="r">2018-07-05 00:00:00</subfield>
    <subfield code="w">2018-11-21</subfield>
    <subfield code="y">P</subfield>
  </datafield>
</record>
